000 00489nam a2200193Ia 4500
003 GCL
008 140319s9999 xx 000 0 aRus d
040 _aGCL /
_cGCL
082 0 4 _a861
_bM H
100 1 _aMONTERO, LUIS GARCIA
245 1 0 _aHABITACIONES SEPARADAS /
_cMONTERO, LUIS GARCIA
260 _a[S.N] :
_bVISOR LIBROS ،
_c1995
300 _a77 P
650 0 4 _aLITERATURE
650 0 4 _aPOETRY
650 0 4 _aSPANISH LITERATURE
650 0 4 _aSPANISH POETRY
942 _2ddc
_cBK
999 _c15421
_d15421